| 000 | 02817cam a2200349 a 4500 | ||
|---|---|---|---|
| 001 | 15799867 | ||
| 005 | 20221220085649.0 | ||
| 008 | 090701s2010 coua b 001 0 eng | ||
| 010 | _a 2009026976 | ||
| 015 |
_aGBB028929 _2bnb |
||
| 016 | 7 |
_a015490492 _2Uk |
|
| 020 | _a9781588266965 (alk. paper) | ||
| 020 | _a1588266966 (alk. paper) | ||
| 020 | _a9781588266729 (pbk. : alk. paper) | ||
| 020 | _a1588266729 (pbk. : alk. paper) | ||
| 035 | _a(OCoLC)ocn423217222 | ||
| 040 |
_aDLC _cDLC _dC#P _dYDXCP _dOCLCQ _dUKM _dCDX _dBWX _dVVC _dDLC |
||
| 050 | 0 | 0 |
_aJZ5538 _b.C59 2010 |
| 082 | 0 | 0 |
_a303.66,CIV _222 |
| 245 | 0 | 0 |
_aCivil society & peacebuilding : _ba critical assessment / _cedited by Thania Paffenholz. |
| 246 | 3 | _aCivil society and peacebuilding | |
| 260 |
_aBoulder : _bLynne Rienner Publishers, _c2010. |
||
| 300 |
_aix, 511 p. : _bill. ; _c23 cm. |
||
| 505 | 0 | _aUnderstanding civil society / Christoph Spurk (Page-3), Civil society and the state / Kjell Erling Kjellman and Kristian Berg Harpviken (Page-29), Civil society and peacebuilding / Thania Paffenholz (Page-43), A comprehensive analytical framework / Thania Paffenholz and Christoph Spurk (Page-65), Guatemala: a dependent and fragmented civil society / Sabine Kurtenbach (Page-79), Northern Ireland: civil society and the slow building of peace / Roberto Belloni (Page-105), Bosnia-Herzegovina: civil society in a semiprotectorate / Roberto Belloni and Bruce Hemmer (Page-129), Turkey: the Kurdish question and the coercive state / Ayşe Betül Çelik (Page-153), Cyprus: a divided civil society in stalemate / Esra Çuhadar and Andreas Kotelis (Page-181), Israel and Palestine: civil societies in despair / Esra Çuhadar and Sari Hanafi (Page-207), Afghanistan: civil society between modernity and tradition / Kaja Borchgrevink and Kristian Berg Harpviken (Page-235), Nepal: from conflict to consolidating a fragile peace / Rhoderick Chalmers (Page-259), Sri Lanka: peace activists and nationalists / Camilla Orjuela (Page-297), Somalia: civil society in a collapsed state / Ken Menkhaus ... [et al.] (Page-321), Nigeria: dilemmas of co-optation in the Niger Delta / Darren Kew and Cyril Obi (Page-351), What civil society can contribute to peacebuilding / Thania Paffenholz (Page-381), Enabling and disenabling factors for civil society peacebuilding / Thania Paffenholz ... [et al.] (Page-405), Conclusion / Thania Paffenholz (Page-425). | |
| 650 | 0 |
_aPeace-building _vCase studies. _9104954 |
|
| 650 | 0 |
_aCivil society _vCase studies. _9105248 |
|
| 650 | 0 |
_aPolitical participation _vCase studies. _9105249 |
|
| 700 | 1 |
_aPaffenholz, Thania. _9105250 |
|
| 906 |
_a7 _bcbc _corignew _d1 _eecip _f20 _gy-gencatlg |
||
| 942 |
_2ddc _cBK _k303.66,CIV |
||
| 999 |
_c592730 _d592730 |
||